[Event "Tch-CRO 1stA liga 2016"]
[Site "Sibenik"]
[Date "2016.10.13"]
[Round "6.2"]
[White "Hracek, Zbynek"]
[Black "Dreev, Aleksey"]
[Result "1/2-1/2"]
[WhiteElo "2594"]
[BlackElo "2660"]
[PlyCount "71"]
[EventDate "2016.??.??"]
[EventCountry "CRO"]

1. e4 c6 2. d4 d5 3. Nc3 dxe4 4. Nxe4 Bf5 5. Bd3 Nd7 6. Nf3 e6 7. O-O Qc7 8. c4
Rd8 9. g3 Bxe4 10. Bxe4 Ngf6 11. Bc2 Bd6 12. Qe2 O-O 13. c5 Be7 14. Bf4 Qc8 15.
b4 Rfe8 16. Rfe1 Nd5 17. Bd2 Bf6 18. Ne5 Nf8 19. Rad1 Ne7 20. Qe4 Nfg6 21. h4
Nf5 22. Bc3 Bxe5 23. dxe5 Rxd1 24. Rxd1 Rd8 25. Rxd8+ Qxd8 26. Qd3 Qxd3 27.
Bxd3 Nge7 28. Kg2 Nd5 29. Bd2 Nd4 30. g4 g6 31. h5 gxh5 32. gxh5 f6 33. exf6
Nxf6 34. h6 Kf7 35. a4 a6 36. Kg3 1/2-1/2

[Event "Tch-CRO 1stA liga 2016"]
[Site "Sibenik"]
[Date "2016.10.13"]
[Round "6.2"]
[White "Lalic, Bogdan"]
[Black "Sulava, Nenad"]
[Result "1/2-1/2"]
[WhiteElo "2438"]
[BlackElo "2459"]
[PlyCount "28"]
[EventDate "2016.??.??"]
[EventCountry "CRO"]

1. d4 Nf6 2. c4 e6 3. Nf3 Bb4+ 4. Bd2 Qe7 5. g3 Nc6 6. Nc3 O-O 7. Bg2 Na5 8. b3
b6 9. O-O Bb7 10. Qc2 Rac8 11. Qb2 Ba3 12. Qc2 Bb4 13. Qb2 Ba3 14. Qc2 Bb4
1/2-1/2

[Event "Tch-CRO 1stA liga 2016"]
[Site "Sibenik"]
[Date "2016.10.13"]
[Round "6.2"]
[White "Zivkovic, Vjekoslav"]
[Black "Plenkovic, Zdenko"]
[Result "0-1"]
[WhiteElo "2366"]
[BlackElo "2405"]
[PlyCount "104"]
[EventDate "2016.??.??"]
[EventCountry "CRO"]

1. e4 c5 2. Nf3 a6 3. c3 d6 4. d4 Nf6 5. Bd3 cxd4 6. cxd4 e5 7. d5 Be7 8. O-O
O-O 9. Nc3 Nbd7 10. Ne1 g6 11. Bh6 Re8 12. Be3 Nc5 13. f3 Nh5 14. Bc2 b5 15. b4
Nd7 16. a4 Qc7 17. Ne2 Nb6 18. axb5 axb5 19. Rxa8 Nxa8 20. Bd3 Bd7 21. g4 Ng7
22. Qc2 Qb7 23. Qd2 Nb6 24. Nc2 Rc8 25. Ra1 Na4 26. Nc1 Bd8 27. Nb3 Qb8 28. Na5
Bb6 29. Ne1 Bxe3+ 30. Qxe3 Qc7 31. Bf1 f5 32. gxf5 gxf5 33. Nd3 fxe4 34. fxe4
Qd8 35. Rc1 Rxc1 36. Nxc1 Qc7 37. Nd3 Be8 38. Nf2 Nh5 39. Qg5+ Bg6 40. Nc6 Nf4
41. Qe7 Qb6 42. Qf6 h5 43. Qxd6 Qe3 44. Qd8+ Kh7 45. Qe7+ Kg8 46. Qd8+ Kh7 47.
Qe7+ Kg8 48. d6 Nc3 49. d7 Nce2+ 50. Bxe2 Nh3+ 51. Kg2 Bxe4+ 52. Nxe4 Qxe2+ 0-1

[Event "Tch-CRO 1stA liga 2016"]
[Site "Sibenik"]
[Date "2016.10.13"]
[Round "6.2"]
[White "Loncar, Robert"]
[Black "Mrkonjic, Nenad"]
[Result "1/2-1/2"]
[WhiteElo "2380"]
[BlackElo "2353"]
[PlyCount "110"]
[EventDate "2016.??.??"]
[EventCountry "CRO"]

1. d4 Nf6 2. c4 e6 3. Nc3 d5 4. Bg5 Be7 5. e3 O-O 6. Qc2 h6 7. Bh4 Nbd7 8. cxd5
exd5 9. Bd3 c6 10. Nf3 Re8 11. O-O Ne4 12. Bxe4 Bxh4 13. Bh7+ Kh8 14. Bf5 Bf6
15. Rab1 g6 16. Bh3 Nb6 17. Bxc8 Rxc8 18. Na4 Nc4 19. Nc5 Nd6 20. b4 Qe7 21.
Rfc1 Bg7 22. a4 f5 23. Nd3 Nc4 24. Nf4 Qf7 25. Rb3 g5 26. Nd3 f4 27. exf4 gxf4
28. Nb2 b5 29. axb5 cxb5 30. Nd3 Qf5 31. Qd1 Rg8 32. Nh4 Qe4 33. Nc5 Qh7 34.
Rh3 Bf6 35. Qf3 Bxd4 36. Qxf4 Be5 37. Qf3 Rcf8 38. Qxd5 Qf7 39. Qxf7 Rxf7 40.
Nf3 Bb2 41. Rd1 Rg6 42. Rd8+ Kg7 43. Nh4 Rd6 44. Rg3+ Kh7 45. Rxd6 Nxd6 46. Rd3
Nc4 47. g3 a5 48. bxa5 Nxa5 49. Rd5 Nc4 50. Nb3 b4 51. Rb5 Bc3 52. Kg2 Ra7 53.
Nf5 Ra3 54. Nbd4 Ra2 55. Kf3 Be1 1/2-1/2

[Event "Tch-CRO 1stA liga 2016"]
[Site "Sibenik"]
[Date "2016.10.13"]
[Round "6.2"]
[White "Feletar, Darko"]
[Black "Doric, Nenad"]
[Result "1/2-1/2"]
[WhiteElo "2363"]
[BlackElo "2246"]
[PlyCount "45"]
[EventDate "2016.??.??"]
[EventCountry "CRO"]

1. d4 d5 2. Nf3 Nf6 3. c4 e6 4. Nc3 Be7 5. Bg5 O-O 6. e3 h6 7. Bh4 Ne4 8. Bxe7
Qxe7 9. Rc1 Nxc3 10. Rxc3 c6 11. Bd3 dxc4 12. Bxc4 Nd7 13. O-O b6 14. Bd3 c5
15. Be4 Rb8 16. Qa4 Bb7 17. Bxb7 Rxb7 18. Qa6 Rc7 19. Rfc1 Rfc8 20. h3 Nb8 21.
Qa3 Nd7 22. Nd2 Qd8 23. Qa4 1/2-1/2

[Event "Tch-CRO 1stA liga 2016"]
[Site "Sibenik"]
[Date "2016.10.13"]
[Round "6.3"]
[White "Fedorchuk, Sergey A"]
[Black "Postny, Evgeny"]
[Result "1/2-1/2"]
[WhiteElo "2624"]
[BlackElo "2611"]
[PlyCount "41"]
[EventDate "2016.??.??"]
[EventCountry "CRO"]

1. e4 c6 2. d4 d5 3. Nd2 dxe4 4. Nxe4 Bf5 5. Ng3 Bg6 6. Nh3 Nd7 7. Bc4 e6 8.
Nf4 Bd6 9. Bb3 Ngf6 10. Qf3 Qc7 11. h4 e5 12. Nxg6 hxg6 13. Bg5 exd4 14. O-O-O
O-O-O 15. Rxd4 Be5 16. Rdd1 Nc5 17. Bc4 b5 18. Bxb5 cxb5 19. Qa8+ Qb8 20. Qc6+
Qc7 21. Qa8+ 1/2-1/2

[Event "Tch-CRO 1stA liga 2016"]
[Site "Sibenik"]
[Date "2016.10.13"]
[Round "6.3"]
[White "Pikula, Dejan"]
[Black "Georgiev, Kiril"]
[Result "0-1"]
[WhiteElo "2434"]
[BlackElo "2613"]
[PlyCount "106"]
[EventDate "2016.??.??"]
[EventCountry "CRO"]

1. e4 c5 2. Nf3 d6 3. d4 Nf6 4. Nc3 cxd4 5. Nxd4 a6 6. Be3 e6 7. g4 h6 8. Bg2
e5 9. Nf5 g6 10. Nxh6 Bxh6 11. Bxh6 Rxh6 12. g5 Rh4 13. gxf6 Be6 14. Qd2 Nc6
15. O-O-O Qxf6 16. f3 O-O-O 17. Kb1 Qf4 18. Qf2 Rxh2 19. Rxh2 Qxh2 20. Rh1 Qf4
21. Rh4 Qg5 22. Bh3 Kb8 23. Bxe6 fxe6 24. Rg4 Qf6 25. Ne2 Rf8 26. Rg3 Nd4 27.
Nxd4 exd4 28. a3 e5 29. Qg1 g5 30. b3 Qf4 31. Rxg5 Qxf3 32. Rg8 Ka7 33. Rxf8
Qxf8 34. Qg6 Qe7 35. Kb2 Qc7 36. Qg3 Qc6 37. Qf3 Qc5 38. Qg3 Kb6 39. Qf3 Qc6
40. Qf8 Qc3+ 41. Kb1 Qc7 42. Kb2 Ka7 43. Qf1 Qc3+ 44. Kb1 Qe3 45. Qf6 d3 46.
cxd3 Qxd3+ 47. Kb2 Qd4+ 48. Ka2 Qxe4 49. Qxd6 Qc2+ 50. Ka1 Qc3+ 51. Ka2 e4 52.
a4 e3 53. Qe7 a5 0-1

[Event "Tch-CRO 1stA liga 2016"]
[Site "Sibenik"]
[Date "2016.10.13"]
[Round "6.3"]
[White "Zovko, Mario"]
[Black "Djurovic, Goran"]
[Result "1/2-1/2"]
[WhiteElo "2323"]
[BlackElo "2398"]
[PlyCount "57"]
[EventDate "2016.??.??"]
[EventCountry "CRO"]

1. e4 c5 2. c3 Nf6 3. e5 Nd5 4. d4 cxd4 5. cxd4 d6 6. Nf3 Nc6 7. Bc4 Nb6 8. Bb5
Bd7 9. Nc3 dxe5 10. dxe5 g6 11. O-O Bg7 12. Re1 O-O 13. Bg5 Re8 14. h3 Qc7 15.
Rc1 Rad8 16. Qe2 a6 17. Bd3 Be6 18. Bf4 Nd5 19. Nxd5 Bxd5 20. Be4 Bxa2 21. Bxc6
bxc6 22. Qxa6 Bd5 23. Qe2 Qb6 24. Be3 Qb4 25. Bc5 Qb7 26. Nd4 e6 27. b4 Ra8 28.
Qe3 Ra2 29. Ne2 1/2-1/2

[Event "Tch-CRO 1stA liga 2016"]
[Site "Sibenik"]
[Date "2016.10.13"]
[Round "6.3"]
[White "Bukal, Vladimir Jr"]
[Black "Mrdja, Milan"]
[Result "1/2-1/2"]
[WhiteElo "2422"]
[BlackElo "2315"]
[PlyCount "81"]
[EventDate "2016.??.??"]
[EventCountry "CRO"]

1. Nf3 Nf6 2. g3 d5 3. Bg2 Bg4 4. O-O Nbd7 5. d3 c6 6. h3 Bxf3 7. Bxf3 e6 8.
Bg2 Bc5 9. c4 dxc4 10. dxc4 Qc7 11. Bf4 e5 12. Bd2 O-O 13. Nc3 Rfe8 14. Qc2 a5
15. Na4 Bb4 16. Bxb4 axb4 17. c5 e4 18. b3 Ra5 19. Rfc1 Re5 20. e3 h5 21. Qd2
Nxc5 22. Nxc5 Raxc5 23. Rxc5 Rxc5 24. Qxb4 Rb5 25. Qc4 Rd5 26. Rc1 Qe5 27. Qc2
Qd6 28. Bxe4 Rd2 29. Qb1 Nxe4 30. Qxe4 Rxf2 31. Kxf2 Qd2+ 32. Kf3 Qxc1 33. Qe8+
Kh7 34. Qd7 Qf1+ 35. Ke4 Qg2+ 36. Kd3 Qxg3 37. Qxb7 Qxh3 38. Qxf7 h4 39. Qh5+
Kg8 40. Qe8+ Kh7 41. Qh5+ 1/2-1/2

[Event "Tch-CRO 1stA liga 2016"]
[Site "Sibenik"]
[Date "2016.10.13"]
[Round "6.3"]
[White "Jukic, Zdenko"]
[Black "Dutina, Dario"]
[Result "1-0"]
[WhiteElo "2314"]
[BlackElo "2304"]
[PlyCount "81"]
[EventDate "2016.??.??"]
[EventCountry "CRO"]

1. e4 e5 2. Nc3 Nf6 3. g3 Bb4 4. Bg2 O-O 5. Nge2 c6 6. d4 d6 7. O-O Nbd7 8. h3
Re8 9. a3 Ba5 10. b4 Bc7 11. d5 Nb6 12. Qd3 Qe7 13. Be3 cxd5 14. Nxd5 Nbxd5 15.
exd5 e4 16. Qb3 Bf5 17. c4 Nd7 18. Nd4 Bg6 19. Nb5 Bb8 20. Nc3 Kh8 21. Bd4 f5
22. Ne2 Bf7 23. g4 fxg4 24. hxg4 Qg5 25. Qg3 Nf6 26. Nc3 Bg6 27. Rae1 a5 28.
Bxf6 Qxf6 29. Nxe4 Qd4 30. Nxd6 Bxd6 31. Qxd6 axb4 32. Rxe8+ Rxe8 33. axb4 Qxc4
34. Qd7 Qxb4 35. d6 h6 36. Bxb7 Rf8 37. Bg2 Qb6 38. Qe7 Rf7 39. Qe8+ Kh7 40. d7
Rxf2 41. Rxf2 1-0

[Event "Tch-CRO 1stA liga 2016"]
[Site "Sibenik"]
[Date "2016.10.13"]
[Round "6.3"]
[White "Bozinovic, Bogdan"]
[Black "Rosandic, Denis"]
[Result "1/2-1/2"]
[WhiteElo "2207"]
[BlackElo "2232"]
[PlyCount "44"]
[EventDate "2016.??.??"]
[EventCountry "CRO"]

1. d4 d5 2. Bg5 c6 3. e3 Bf5 4. Bd3 Bxd3 5. Qxd3 Qb6 6. b3 e6 7. Nf3 h6 8. Bf4
Nf6 9. h3 c5 10. Nbd2 Nc6 11. a3 a5 12. c3 Be7 13. O-O O-O 14. Rfe1 Rfc8 15. a4
Qa6 16. Qb1 Nb8 17. Rc1 Nbd7 18. Ra2 Rc6 19. Ne5 Rcc8 20. Nef3 Rc6 21. Ne5 Rcc8
22. Nef3 Rc6 1/2-1/2

[Event "Tch-CRO 1stA liga 2016"]
[Site "Sibenik"]
[Date "2016.10.13"]
[Round "6.4"]
[White "Repka, Christopher"]
[Black "Bekker-Jensen, Simon"]
[Result "1-0"]
[WhiteElo "2473"]
[BlackElo "2466"]
[PlyCount "73"]
[EventDate "2016.??.??"]
[EventCountry "CRO"]

1. d4 Nf6 2. Bg5 e6 3. e4 h6 4. Bxf6 Qxf6 5. c3 d6 6. Bd3 g6 7. Ne2 e5 8. O-O
Bg7 9. f4 exd4 10. cxd4 Bg4 11. Qa4+ Nd7 12. Nbc3 O-O 13. Qb3 c5 14. e5 Qd8 15.
Ne4 c4 16. Qxc4 dxe5 17. dxe5 Rc8 18. Qd4 Nc5 19. Nxc5 Bxe2 20. Qxd8 Rfxd8 21.
Bxe2 Rxc5 22. Rac1 Bf8 23. b4 Rxc1 24. Rxc1 Rd4 25. g3 Rxb4 26. Rc7 b5 27. Kg2
a6 28. Bd1 Rb2+ 29. Kh3 Rxa2 30. Bb3 Re2 31. Bxf7+ Kh8 32. Bxg6 a5 33. Bd3 Rb2
34. Rc8 Kg7 35. f5 Rb3 36. f6+ Kf7 37. Be4 1-0

[Event "Tch-CRO 1stA liga 2016"]
[Site "Sibenik"]
[Date "2016.10.13"]
[Round "6.4"]
[White "Sprenger, Jan Michael"]
[Black "Zajic, Milan"]
[Result "1/2-1/2"]
[WhiteElo "2513"]
[BlackElo "2486"]
[PlyCount "55"]
[EventDate "2016.??.??"]
[EventCountry "CRO"]

1. e4 e5 2. Nf3 Nc6 3. Bb5 a6 4. Ba4 Nf6 5. O-O Be7 6. Re1 b5 7. Bb3 d6 8. c3
O-O 9. h3 Na5 10. Bc2 c5 11. d3 h6 12. Nbd2 Re8 13. Nf1 Bf8 14. Ng3 Qc7 15. d4
Bd7 16. d5 c4 17. b4 cxb3 18. axb3 Nb7 19. Bd2 Nc5 20. Ra3 Rec8 21. Qe2 Rcb8
22. Rea1 a5 23. R1a2 Qd8 24. Qe1 Be8 25. Qa1 a4 26. Be3 Nxb3 27. Bxb3 axb3 28.
Rxa8 1/2-1/2

[Event "Tch-CRO 1stA liga 2016"]
[Site "Sibenik"]
[Date "2016.10.13"]
[Round "6.4"]
[White "Medak, Bojan"]
[Black "Rade, Miroslav"]
[Result "1/2-1/2"]
[WhiteElo "2386"]
[BlackElo "2451"]
[PlyCount "30"]
[EventDate "2016.??.??"]
[EventCountry "CRO"]

1. Nf3 Nf6 2. c4 c5 3. g3 Nc6 4. Nc3 d5 5. d4 e6 6. cxd5 Nxd5 7. Bg2 Nb6 8. e3
Be7 9. O-O O-O 10. dxc5 Bxc5 11. b3 e5 12. Bb2 Bf5 13. e4 Be6 14. Rc1 Bb4 15.
Nd5 Nxd5 1/2-1/2

[Event "Tch-CRO 1stA liga 2016"]
[Site "Sibenik"]
[Date "2016.10.13"]
[Round "6.4"]
[White "Doric, Darko"]
[Black "Blazeka, Matej"]
[Result "0-1"]
[WhiteElo "2481"]
[BlackElo "2266"]
[PlyCount "54"]
[EventDate "2016.??.??"]
[EventCountry "CRO"]

1. Nf3 c5 2. c4 Nc6 3. Nc3 g6 4. g3 Bg7 5. Bg2 d6 6. O-O e5 7. a3 Nge7 8. Ne1
O-O 9. Nc2 f5 10. Ne3 Be6 11. d3 Qd7 12. Ned5 h6 13. b4 f4 14. bxc5 dxc5 15.
Nxe7+ Qxe7 16. Rb1 g5 17. Qa4 Rac8 18. Bd2 Qd7 19. Rfe1 b6 20. Qb5 f3 21. Bf1
Bh3 22. Be3 e4 23. Nxe4 Bxf1 24. Rxf1 fxe2 25. Rfe1 Qxd3 26. Nd2 Nd4 27. Qa4
Rce8 0-1

[Event "Tch-CRO 1stA liga 2016"]
[Site "Sibenik"]
[Date "2016.10.13"]
[Round "6.4"]
[White "Brumen, Dinko"]
[Black "Ivic, Mateo"]
[Result "1/2-1/2"]
[WhiteElo "2338"]
[BlackElo "2234"]
[PlyCount "99"]
[EventDate "2016.??.??"]
[EventCountry "CRO"]

1. e4 e5 2. Nf3 Nc6 3. Bb5 Nge7 4. O-O g6 5. c3 Bg7 6. d4 exd4 7. cxd4 d5 8.
exd5 Nxd5 9. Ne5 O-O 10. Bxc6 bxc6 11. Nxc6 Qd6 12. Ne5 Bxe5 13. dxe5 Qxe5 14.
Re1 Qd6 15. Bh6 Rd8 16. Qd4 f6 17. Nd2 c5 18. Qh4 Bf5 19. Qc4 Rab8 20. Qa4 Qd7
21. Qc4 Qd6 22. Nb3 Rb4 23. Qxc5 Qxc5 24. Nxc5 Rxb2 25. Rad1 Kf7 26. Rd2 Rxd2
27. Bxd2 Nb6 28. Bb4 Rd4 29. a3 Nd5 30. Ba5 Rc4 31. Nb7 Ra4 32. Nd6+ Kg7 33.
Nxf5+ gxf5 34. Bb4 Nxb4 35. axb4 Rxb4 36. h4 a5 37. Re7+ Kg6 38. Ra7 a4 39. g3
f4 40. Kg2 fxg3 41. fxg3 h6 42. Kh3 Rc4 43. Ra5 Kf7 44. Kg2 Ke6 45. Kf3 Rb4 46.
g4 Kd6 47. Ra6+ Ke5 48. Ra5+ Kd4 49. Ra6 Ke5 50. Ra5+ 1/2-1/2

[Event "Tch-CRO 1stA liga 2016"]
[Site "Sibenik"]
[Date "2016.10.13"]
[Round "6.4"]
[White "Susak, Zeljko"]
[Black "Vujakovic, Branko"]
[Result "1-0"]
[WhiteElo "2206"]
[BlackElo "2360"]
[PlyCount "49"]
[EventDate "2016.??.??"]
[EventCountry "CRO"]

1. e4 d6 2. d4 Nf6 3. Nc3 g6 4. Bg5 Bg7 5. Qd2 h6 6. Bh4 Nbd7 7. f4 c5 8. d5
O-O 9. Nf3 Qa5 10. Bd3 a6 11. e5 dxe5 12. fxe5 Ng4 13. Bxe7 Re8 14. d6 Ndxe5
15. Nd5 Qxd2+ 16. Kxd2 c4 17. Be2 Be6 18. Nc7 c3+ 19. bxc3 Rac8 20. Nxe8 Nxf3+
21. Bxf3 Bxc3+ 22. Kc1 Ne3 23. Rb1 Ba5 24. Nc7 Bxc7 25. Bxb7 1-0

[Event "Tch-CRO 1stA liga 2016"]
[Site "Sibenik"]
[Date "2016.10.13"]
[Round "6.5"]
[White "Kovacevic, Vlatko"]
[Black "Stevic, Hrvoje"]
[Result "0-1"]
[WhiteElo "2449"]
[BlackElo "2602"]
[PlyCount "154"]
[EventDate "2016.??.??"]
[EventCountry "CRO"]

1. d4 Nf6 2. Nf3 c5 3. e3 cxd4 4. exd4 d5 5. Nbd2 Qc7 6. Bd3 Nc6 7. O-O Bg4 8.
h3 Bh5 9. c3 e6 10. Re1 Bd6 11. Nf1 O-O 12. Bg5 a5 13. a4 Rab8 14. Bxf6 gxf6
15. Ne3 Kh8 16. Kh1 Rg8 17. Be2 f5 18. Rg1 Qe7 19. Ne1 Bxe2 20. Qxe2 Qh4 21.
Nd3 Rg5 22. Raf1 f4 23. Ng4 Rbg8 24. Nh2 Qh6 25. Qf3 Rf5 26. Re1 Rgg5 27. Re2
Qg7 28. Ne1 Rg6 29. Qd3 Rh5 30. Nef3 Qf8 31. Qb5 Qb8 32. Rge1 Qc7 33. Rc1 Rg8
34. Qd3 Rh6 35. Rg1 Qb6 36. Qd1 Qa6 37. Qc2 Nb8 38. Ne5 Bxe5 39. Rxe5 Nd7 40.
Ree1 Nf6 41. Nf3 Nd7 42. Qe2 Qd6 43. Rd1 Qc7 44. Rde1 Rhg6 45. Ne5 Nxe5 46.
Qxe5+ Qxe5 47. Rxe5 Rc8 48. Re2 Kg7 49. Ra1 Kf6 50. f3 Rgg8 51. Ra3 Rc4 52. Re1
Rb8 53. Rea1 b5 54. axb5 Rxb5 55. R1a2 a4 56. Kg1 Kg5 57. Rxa4 Rxa4 58. Rxa4
Rxb2 59. Ra7 Kg6 60. Kh2 Rc2 61. Rc7 h6 62. h4 f6 63. Kh3 h5 64. Rc5 Kf5 65.
Kh2 Rc1 66. Rc6 e5 67. dxe5 fxe5 68. Rd6 Rd1 69. Rh6 e4 70. Rxh5+ Kg6 71. Re5
Kf6 72. Re8 e3 73. g3 Rc1 74. gxf4 Rxc3 75. h5 d4 76. Re4 Rc1 77. h6 d3 0-1

[Event "Tch-CRO 1stA liga 2016"]
[Site "Sibenik"]
[Date "2016.10.13"]
[Round "6.5"]
[White "Palac, Mladen"]
[Black "Muse, Mladen"]
[Result "1/2-1/2"]
[WhiteElo "2618"]
[BlackElo "2379"]
[PlyCount "55"]
[EventDate "2016.??.??"]
[EventCountry "CRO"]

1. e4 g6 2. d4 Bg7 3. Nc3 c6 4. Nf3 d5 5. Bf4 Nh6 6. Qd2 dxe4 7. Nxe4 Nf5 8. c3
O-O 9. Bd3 Nd7 10. Ng3 Nb6 11. Nxf5 Bxf5 12. Bxf5 gxf5 13. Bh6 Qd6 14. Bxg7
Kxg7 15. O-O Qf6 16. Qe2 Rg8 17. Rfe1 e6 18. Ne5 Rad8 19. Rad1 Nd5 20. c4 Nf4
21. Qe3 Ng6 22. Qb3 Qe7 23. Nxg6 hxg6 24. d5 Rd6 25. dxe6 Rxe6 26. Rxe6 Qxe6
27. g3 Rb8 28. Qc3+ 1/2-1/2

[Event "Tch-CRO 1stA liga 2016"]
[Site "Sibenik"]
[Date "2016.10.13"]
[Round "6.5"]
[White "Zelcic, Robert"]
[Black "Cvorovic, Drazen"]
[Result "1-0"]
[WhiteElo "2518"]
[BlackElo "2437"]
[PlyCount "73"]
[EventDate "2016.??.??"]
[EventCountry "CRO"]

1. e4 c6 2. d4 d5 3. Nc3 dxe4 4. Nxe4 Nf6 5. Nxf6+ exf6 6. c3 Bd6 7. Bd3 Be6 8.
Ne2 Qc7 9. Qc2 Nd7 10. Be3 Bd5 11. f3 b5 12. b3 g6 13. c4 bxc4 14. bxc4 Be6 15.
c5 Be7 16. O-O O-O 17. Bf4 Qa5 18. Bd2 Qa3 19. Nf4 Rfd8 20. Nxe6 fxe6 21. Bc3
e5 22. Bb2 Qb4 23. Rfe1 Kf8 24. Bc3 Qa3 25. Reb1 a5 26. Bb2 Qb4 27. Bc3 Qa3 28.
Bb2 Qb4 29. a3 Qb8 30. Bc1 Qa7 31. Bh6+ Kf7 32. Qc4+ Ke8 33. Qg8+ Nf8 34. Bxf8
Bxf8 35. Qe6+ Be7 36. Qxc6+ Qd7 37. Bb5 1-0

[Event "Tch-CRO 1stA liga 2016"]
[Site "Sibenik"]
[Date "2016.10.14"]
[Round "7.1"]
[White "Stevic, Hrvoje"]
[Black "Markus, Robert"]
[Result "1/2-1/2"]
[WhiteElo "2602"]
[BlackElo "2649"]
[PlyCount "31"]
[EventDate "2016.??.??"]
[EventCountry "CRO"]

1. e4 Nf6 2. e5 Nd5 3. d4 d6 4. Nf3 dxe5 5. Nxe5 c6 6. Be2 Bf5 7. O-O Nd7 8.
Nf3 e6 9. c4 N5f6 10. Nc3 Ne4 11. Bf4 Bd6 12. Bxd6 Nxd6 13. Qd2 O-O 14. Qf4 Nf6
15. Rfd1 Nde4 16. Nxe4 1/2-1/2

[Event "Tch-CRO 1stA liga 2016"]
[Site "Sibenik"]
[Date "2016.10.14"]
[Round "7.1"]
[White "Jovanovic, Zoran"]
[Black "Palac, Mladen"]
[Result "1/2-1/2"]
[WhiteElo "2526"]
[BlackElo "2618"]
[PlyCount "29"]
[EventDate "2016.??.??"]
[EventCountry "CRO"]

1. e4 c5 2. Nf3 d6 3. Bb5+ Nd7 4. c3 Ngf6 5. Qe2 a6 6. Ba4 b5 7. Bc2 Bb7 8. d4
e6 9. O-O Be7 10. a4 cxd4 11. cxd4 O-O 12. Bf4 bxa4 13. Rxa4 Bc6 14. Ra2 e5 15.
Bd2 1/2-1/2

[Event "Tch-CRO 1stA liga 2016"]
[Site "Sibenik"]
[Date "2016.10.14"]
[Round "7.1"]
[White "Jankovic, Alojzije"]
[Black "Jovanic, Ognjen"]
[Result "1/2-1/2"]
[WhiteElo "2579"]
[BlackElo "2473"]
[PlyCount "125"]
[EventDate "2016.??.??"]
[EventCountry "CRO"]

1. d4 Nf6 2. c4 e6 3. Nf3 d5 4. Nc3 c5 5. Bg5 cxd4 6. Nxd4 e5 7. Bxf6 gxf6 8.
Nb3 d4 9. Nd5 Nc6 10. e4 dxe3 11. fxe3 Bg7 12. Qh5 f5 13. O-O-O O-O 14. g4 fxg4
15. h3 g3 16. Rg1 f5 17. Rxg3 Rf7 18. Be2 Qf8 19. Rdg1 Kh8 20. Nd2 e4 21. Qh4
Be5 22. Nf4 Ne7 23. Bh5 Rg7 24. Rxg7 Bxg7 25. Bg6 Bh6 26. Bf7 Qxf7 27. Qxh6 Bd7
28. Qd6 Nc6 29. Nh5 Qe6 30. Qg3 Qe5 31. Qh4 Rf8 32. Rg7 Be8 33. Rxb7 Rf7 34.
Rb5 Qd6 35. Nf4 Nb4 36. c5 Nxa2+ 37. Kd1 Qc7 38. Ne6 Qc8 39. Ng5 Rg7 40. c6
Bxc6 41. Ra5 Nb4 42. Qf4 Bd5 43. Rxd5 Nxd5 44. Qe5 Nxe3+ 45. Ke2 Kg8 46. h4
Qa6+ 47. Kxe3 Qd3+ 48. Kf4 Qxd2+ 49. Kxf5 Qf2+ 50. Ke6 Rg6+ 51. Kd7 Rg7+ 52.
Ke6 Qf8 53. Kd5 Re7 54. Ne6 Rd7+ 55. Kxe4 Qb4+ 56. Kf5 Rf7+ 57. Kg5 Qd2+ 58.
Kh5 Rb7 59. Qg3+ Kh8 60. Qe5+ Kg8 61. Qg3+ Kh8 62. Qe5+ Kg8 63. Qg3+ 1/2-1/2

[Event "Tch-CRO 1stA liga 2016"]
[Site "Sibenik"]
[Date "2016.10.14"]
[Round "7.1"]
[White "Kovacevic, Blazimir"]
[Black "Zelcic, Robert"]
[Result "1-0"]
[WhiteElo "2478"]
[BlackElo "2518"]
[PlyCount "163"]
[EventDate "2016.??.??"]
[EventCountry "CRO"]

1. Nf3 Nf6 2. g3 d5 3. Bg2 c5 4. O-O e6 5. c4 d4 6. e3 Nc6 7. exd4 cxd4 8. d3
Be7 9. Re1 O-O 10. Na3 Bd6 11. Bd2 e5 12. c5 Bxc5 13. Nxe5 Nxe5 14. Rxe5 Bd6
15. Re1 Be6 16. Nc4 Nd5 17. Bg5 Qxg5 18. Nxd6 Qd8 19. Ne4 Qe7 20. a3 b6 21. Qa4
Rad8 22. Rac1 h6 23. Nd2 Nf6 24. Nf3 Qd7 25. Qa6 Bd5 26. Ne5 Qd6 27. Bxd5 Nxd5
28. Qxa7 Rde8 29. Qd7 Qxd7 30. Nxd7 Rxe1+ 31. Rxe1 Rd8 32. Ne5 Rc8 33. Re2 Rc1+
34. Kg2 Rd1 35. Kf3 f6 36. Nc4 b5 37. Rd2 Rc1 38. Nd6 b4 39. axb4 Nxb4 40. Ke4
Nc2 41. Nb5 Nb4 42. Nxd4 Kf7 43. Nf5 g6 44. Ne3 Ke6 45. g4 Rh1 46. Kf3 f5 47.
gxf5+ gxf5 48. d4 Rxh2 49. d5+ Ke5 50. d6 Nc6 51. d7 Nd8 52. Nc4+ Ke6 53. Rd6+
Ke7 54. Ke3 Rh1 55. Rd5 Ke6 56. Rd6+ Ke7 57. Rd2 h5 58. Ne5 h4 59. f4 h3 60.
Kf3 Re1 61. Rh2 Re4 62. Rxh3 Rb4 63. Rh8 Rb3+ 64. Kf2 Rxb2+ 65. Kg3 Rb8 66. Kh4
Kd6 67. Kh5 Kc7 68. Kg6 Ra8 69. Kxf5 Ra4 70. Re8 Ra5 71. Kg5 Ra1 72. Rh8 Ra5
73. Kf5 Ra6 74. Rh1 Ra4 75. Rd1 Ra6 76. Rd4 Rb6 77. Rc4+ Kd6 78. Kf6 Kd5+ 79.
Ke7 Nb7 80. Rc8 Re6+ 81. Kf7 Rd6 82. Rb8 1-0

[Event "Tch-CRO 1stA liga 2016"]
[Site "Sibenik"]
[Date "2016.10.14"]
[Round "7.2"]
[White "Bekker-Jensen, Simon"]
[Black "Kozul, Zdenko"]
[Result "0-1"]
[WhiteElo "2466"]
[BlackElo "2619"]
[PlyCount "84"]
[EventDate "2016.??.??"]
[EventCountry "CRO"]

1. d4 Nf6 2. c4 d6 3. Nf3 Nbd7 4. Nc3 e5 5. e4 g6 6. d5 Nc5 7. Qc2 a5 8. Be2
Bg7 9. h3 O-O 10. Be3 Nh5 11. g3 f5 12. exf5 Bxf5 13. Qd1 e4 14. Nd4 Bd7 15.
Qc2 Qe7 16. O-O-O Rae8 17. Nb3 Nd3+ 18. Bxd3 exd3 19. Rxd3 Bf5 20. Rhd1 Qd7 21.
Nd4 Bxd4 22. Bxd4 Rf7 23. h4 Ng7 24. Ne2 Bxd3 25. Qxd3 Qf5 26. Qd2 Qf3 27. Nf4
Nf5 28. Bc3 Qe4 29. h5 g5 30. Ne6 h6 31. b3 a4 32. Ba1 axb3 33. axb3 Qf3 34.
Qb2 Kh7 35. Re1 Ra8 36. Nd4 Nxd4 37. Qxd4 Qxf2 38. Qd3+ Qf5 39. Qc3 g4 40. Bb2
Qxh5 41. Qd3+ Qg6 42. Re4 Re8 0-1

[Event "Tch-CRO 1stA liga 2016"]
[Site "Sibenik"]
[Date "2016.10.14"]
[Round "7.2"]
[White "Rade, Miroslav"]
[Black "Kurajica, Bojan"]
[Result "1/2-1/2"]
[WhiteElo "2451"]
[BlackElo "2533"]
[PlyCount "97"]
[EventDate "2016.??.??"]
[EventCountry "CRO"]

1. e4 c5 2. Nf3 Nc6 3. d4 cxd4 4. Nxd4 Qb6 5. Nb3 Nf6 6. Nc3 e6 7. Bd3 a6 8.
Be3 Qc7 9. Na4 Ne5 10. Nb6 Rb8 11. h3 Bb4+ 12. c3 Nxd3+ 13. Qxd3 Be7 14. O-O
O-O 15. Rfd1 Rd8 16. a4 d6 17. c4 Bd7 18. Rac1 Be8 19. a5 h6 20. Nd4 Nd7 21.
Ne2 Ne5 22. Qd2 Ng6 23. b4 Bf8 24. Nf4 Nh4 25. f3 Qe7 26. Qf2 g5 27. Ne2 Bc6
28. Bd4 Ng6 29. Nc3 Bg7 30. Bxg7 Kxg7 31. Rd2 Qf6 32. Qe3 Qe5 33. Rcd1 Kf8 34.
c5 d5 35. Nc4 Qg3 36. Qf2 Qf4 37. Nb6 Ne7 38. exd5 Bxd5 39. Ncxd5 exd5 40. Qd4
Qxd4+ 41. Rxd4 Nc6 42. Rxd5 Rxd5 43. Rxd5 Re8 44. Kf2 Nxb4 45. Rd7 Re5 46. Rxb7
Nd3+ 47. Kg3 Nxc5 48. Ra7 Kg7 49. h4 1/2-1/2

[Event "Tch-CRO 1stA liga 2016"]
[Site "Sibenik"]
[Date "2016.10.14"]
[Round "7.2"]
[White "Muse, Mladen"]
[Black "Doric, Darko"]
[Result "1/2-1/2"]
[WhiteElo "2379"]
[BlackElo "2481"]
[PlyCount "20"]
[EventDate "2016.??.??"]
[EventCountry "CRO"]

1. d4 d5 2. Nf3 c5 3. c4 cxd4 4. cxd5 Nf6 5. Qxd4 Qxd5 6. Nc3 Qxd4 7. Nxd4 a6
8. g3 e5 9. Nb3 Bd7 10. Bg2 Bc6 1/2-1/2

[Event "Tch-CRO 1stA liga 2016"]
[Site "Sibenik"]
[Date "2016.10.14"]
[Round "7.2"]
[White "Ivic, Mateo"]
[Black "Armanda, Ivica"]
[Result "1-0"]
[WhiteElo "2234"]
[BlackElo "2345"]
[PlyCount "99"]
[EventDate "2016.??.??"]
[EventCountry "CRO"]

1. d4 Nf6 2. c4 c5 3. Nf3 e6 4. Nc3 cxd4 5. Nxd4 d6 6. g3 Be7 7. Bg2 a6 8. O-O
O-O 9. b3 Qc7 10. Bb2 Bd7 11. Rc1 Qb6 12. Qd2 Nc6 13. Ne4 Nxe4 14. Bxe4 Rfd8
15. Rfd1 Ne5 16. Bc3 a5 17. Qb2 Bf6 18. Rd2 Rac8 19. Rcd1 a4 20. Nc2 Nxc4 21.
bxc4 Qxb2 22. Bxb2 Bxb2 23. Rxd6 Rc7 24. Rb6 Be5 25. Rxb7 Kf8 26. f4 Rxb7 27.
Bxb7 Bc7 28. c5 Bb5 29. Rxd8+ Bxd8 30. Kf2 Ke7 31. Nd4 Be8 32. Ke3 Ba5 33. Kd3
f6 34. Kc4 e5 35. Nf5+ Kd7 36. Nxg7 exf4 37. gxf4 Ke7 38. Nxe8 Kxe8 39. Bc6+
Ke7 40. Bxa4 h5 41. e4 Bc7 42. e5 Ke6 43. Bc2 fxe5 44. f5+ Kf6 45. Be4 Bd8 46.
Kd5 Ke7 47. h3 Bc7 48. a4 h4 49. Kc6 Bd8 50. Kb7 1-0